Geografie-Kette #2 - Statistiken

Allgemein
  • Dieses Quiz wurde 1.450 mal gespielt
  • Das Durchschnittsergebnis liegt bei 15 aus 20
Antwortstatistiken
Hint Antwort % Korrekt
Land mit meistem Regenwald Brasilien
99%
Längster Fluss von ^ Amazonas
98%
Ozean, in welchen ^ mündet Atlantik
97%
Wirtschaftlich stärkstes Land am ^ USA
94%
^ gehört zu Deutschland, Schweiz und ... Österreich
86%
Hauptstadt von ^ Wien
86%
Einwohnerreichstes Mitglied von ^ Deutschland
83%
Staatenverbund, welchen ^ 2020 verließ Europäische Union
82%
Größter See von ^ Bodensee
81%
Größter Fluss, der durch ^ fließt Donau
81%
Land, von dem ^ ein Teil ist Vereinigtes Königreich
81%
^ wurde unabhängig von ... England
79%
^ mündet in ... Schwarzes Meer
64%
Heiligste Pilgerstätte vom ^ ist die Stadt ... Mekka
63%
Land, südlich von ^ Türkei
63%
Dominante Religion in ^ Islam
62%
Flächengrößtes Nachbarland von ^ Iran
60%
Land, das alphabetisch direkt vor ^ kommt Irak
59%
^ liegt nahe von welchem Meer Rotes Meer
57%
Was verbindet ^ und das Mittelmeer Suezkanal
47%
Keine übereinstimmenden Quizze gefunden
Verteilung der Resultate
Anzahl Personen mit jedem Resultat
Perzentil nach korrekt beantworteten Fragen
Ihre Resultats-Entwicklung
Sie haben dieses Quiz noch nicht gespielt